| 000 | 00490nam a2200169 a 4500 | ||
|---|---|---|---|
| 001 | 000032100 | ||
| 005 | 20200930063429.0 | ||
| 008 | 110712s2004 dr 000 0 spa d | ||
| 040 |
_aDO-SdBNP _bspa _cBNPHU |
||
| 082 |
_axxx _bP286 |
||
| 100 | 1 |
_aPassatore, Il _919707 |
|
| 245 | 1 | 0 |
_aSi Dios nos parece lejano, Quién se movió? / _cIl Passatore. |
| 260 |
_a[Santo Domingo] : _b[s.n.], _c[199u]. |
||
| 300 |
_a56 p. ; _c22 cm. |
||
| 700 | 1 |
_aBruno, Giordano, _epról. _958219 |
|
| 049 | _aBNPD | ||
| 999 |
_c31591 _d31591 |
||